000
00235nam a2200097Ia 4500
005
20251222114351.0
008
251222s1900||||xx |||||||||||||| ||spa||
082
_a
DVD0070/T48
245
0
_a
Elvis Presley: Prisionero del rock:
942
_c
DVD
999
_c
1246
_d
1246